Minería del cobre, ecología y ambiente costero
Guardado en:
| Autor principal: | |
|---|---|
| Formato: | Libro |
| Lenguaje: | español |
| Publicado: |
Concepción
Minera Escondida
1998
|
| Materias: | |
| Etiquetas: |
Agregar Etiqueta
Sin Etiquetas, Sea el primero en etiquetar este registro!
|
MARC
| LEADER | 00000nam a2200000 a 4500 | ||
|---|---|---|---|
| 001 | UCP1707 | ||
| 003 | CL-VaPUC | ||
| 008 | 990426e19980000CL |||||||||||||||||spa|d | ||
| 082 | 0 | 4 | |a 333.765 |b ARC |2 21 |
| 100 | |a Arcos, Dagoberto F |e author |9 427895 | ||
| 245 | 1 | 0 | |a Minería del cobre, ecología y ambiente costero |
| 300 | |a 474 p | ||
| 942 | |c BK | ||
| 945 | |d 19990426 00:00:00 |a rbrito | ||
| 260 | |a Concepción |b Minera Escondida |c 1998 | ||
| 650 | 0 | |a Industria minera |9 260256 | |
| 650 | 0 | |a Ecología |9 258124 | |
| 650 | 0 | |a Medio ambiente |9 257625 | |
| 650 | 0 | |a Climatología |9 262302 | |
| 650 | 7 | |a ECOTOXICOLOGIA |2 CL-VaPUC |9 427896 | |
| 650 | 0 | |a Residuos industriales |9 261421 | |
| 583 | |a last modification |c 19990426 00:00:00 |k Rodrigo Vera | ||
| 999 | |c 280362 |d 280360 | ||
| 952 | |0 0 |1 0 |4 0 |6 333_765000000000000_ARC_1998 |7 0 |8 F |9 320619 |a BIBING |b BIBING |d 2019-11-20 |i 3519635 |o 333.765 ARC 1998 |p 3519635 |r 2025-01-20 |w 2019-11-20 |y BK_F |k ING | ||
| 952 | |0 0 |1 0 |2 ddc |4 0 |6 333_765000000000000_ARC_1998 |7 0 |8 A |9 320620 |a BIBCUR |b BIBCUR |c PAC |d 2019-11-20 |i 3519643 |o 333.765 ARC 1998 |p 3519643 |r 2025-04-22 |w 2019-11-20 |y BK |k CIM | ||
| 952 | |0 0 |1 0 |4 0 |6 333_765000000000000_ARC_1998 |7 0 |8 CCM |9 320622 |a BIBCUR |b BIBCUR |d 2019-11-20 |i 3542114 |o 333.765 ARC 1998 |p 3542114 |r 2025-04-22 |w 2019-11-20 |y BK |k CIM | ||